Política para Amador (Registro nro. 12963)

Detalles MARC
000 - LÍDER
campo de control de longitud fija 00662nam a22002297a 4500
003 - IDENTIFICADOR DE NÚMERO DE CONTROL
campo de control OSt
005 - FECHA Y HORA DE LA ÚLTIMA TRANSACCIÓN
campo de control 20210818181849.0
008 - ELEMENTOS DE DATOS DE LONGITUD FIJA - INFORMACIÓN GENERAL
campo de control de longitud fija 171222n sp gr 000 e spa d
020 ## - INTERNATIONAL STANDARD BOOK NUMBER
International Standard Book Number 9788434411434
040 ## - FUENTE DE CATALOGACIÓN
Lenguaje de catalogación spa
041 ## - CÓDIGO DE LENGUAJE
Código de idioma de texto / pista de sonido o título separado spa
082 04 - NÚMERO DE CLASIFICACIÓN DECIMAL DEWEY
Número de clasificación 320.01
Número de artículo S266p
100 1# - ENTRADA PRINCIPAL - NOMBRE PERSONAL
9 (RLIN) 4869
Nombre de la persona Savater, Fernando,
Fechas asociadas a un nombre 1947-
245 10 - TÍTULO DECLARACIÓN
Título Política para Amador
Declaración de responsabilidad Fernando Savater
250 ## - DECLARACIÓN DE EDICIÓN
Sentencia de edición 10a. ed.
260 ## - PUBLICACIÓN, DISTRIBUCIÓN
Lugar de publicación Barcelona
Nombre del editor Editorial Ariel, S. A.
Fecha de publicación [sin fecha conocida]
300 ## - DESCRIPCIÓN FÍSICA
Alcance 237 páginas
490 ## - DECLARACIÓN EN SERIE
Estado de cuenta de la serie Ariel
650 #0 - ENTRADA DE SUJETO AÑADIDO - TÉRMINO TÓPICO
9 (RLIN) 32226
Término tópico o elemento de entrada del nombre geográfico Ciencia Politica
650 #0 - ENTRADA DE SUJETO AÑADIDO - TÉRMINO TÓPICO
9 (RLIN) 15102
Término tópico o elemento de entrada del nombre geográfico Ética Política
942 ## - ELEMENTOS DE ENTRADA AGREGADOS (KOHA)
Fuente de clasificación o esquema de estanterías Dewey Decimal Classification
Parte de clasificación 320.01 S266p
Prefijo del número de llamada 320.01
Sufijo del número de llamada S266p
Existencias
Estado de retirada Pérdida de estatus Fuente de clasificación o esquema de estanterías Estado dañado No para préstamo Código de recogida Ubicación permanente Ubicación actual Ubicación de las estanterías Fecha de adquisición Total de Cajas Número Topográfico Código de barras Precio efectivo desde Número de copia Fecha de la última vez que se vio Tipo de artículo Koha
    Dewey Decimal Classification     General Biblioteca Pública Departamental Comfamiliar Risaralda Biblioteca Pública Departamental Comfamiliar Risaralda Área General 22/12/2017   320.01 S266p 1001974 22/12/2017 Ej. 1 14/12/2018 Libro